LEADER 01393oam 2200421zu 450 001 996206159803316 005 20210807003401.0 035 $a(CKB)111026746737498 035 $a(SSID)ssj0000558699 035 $a(PQKBManifestationID)12184648 035 $a(PQKBTitleCode)TC0000558699 035 $a(PQKBWorkID)10560414 035 $a(PQKB)10509410 035 $a(EXLCZ)99111026746737498 100 $a20160829d1993 uy 101 0 $aeng 181 $ctxt 182 $cc 183 $acr 200 00$aProgramming Models for Massively Parallel Computers, 1993 Symposium 210 31$a[Place of publication not identified]$cIEEE Computer Society Press$d1993 300 $aBibliographic Level Mode of Issuance: Monograph 311 $a0-8186-4900-3 606 $aEngineering & Applied Sciences$2HILCC 606 $aComputer Science$2HILCC 615 7$aEngineering & Applied Sciences 615 7$aComputer Science 676 $a005.2 701 0$aGiloi$b Wolfgang$0543809 701 0$aJa?hnichen$b Stefan$01232026 701 0$aShriver$b Bruce D.$f1940-$060148 712 02$aGesellschaft fu?r Mathematik und Datenverararbeitung. 712 02$aDaimler Benz Aktiengesellschaft. 801 0$bPQKB 906 $aBOOK 912 $a996206159803316 996 $aProgramming Models for Massively Parallel Computers, 1993 Symposium$92860661 997 $aUNISA